| 000 | 00871nam0a22002411 4500 | ||
|---|---|---|---|
| 001 | rc\1106268 | ||
| 005 | 20260406170543.0 | ||
| 035 | _a(NLR Aleph) 006351015 | ||
| 090 |
_a4801563 _c4801563 |
||
| 100 | _a20041126d1982 |||y0rusy50 ca | ||
| 101 | 0 | _arus | |
| 102 | _aRU | ||
| 105 | _aa ||||||||| | ||
| 200 | 1 |
_aИспользование производственных мощностей в Эстонской ССР _e[Сб. ст.] _fАН ЭССР, Ин-т экономики _gНауч. ред. К. Эйги |
|
| 210 |
_aТаллин _cЭэсти раамат _d1982 |
||
| 215 |
_a192 с. _cил. _d20 |
||
| 702 | 1 |
_aЭйги _bК.А. _gКальви А. _4340 |
|
| 712 | 0 | 2 |
_aИнститут экономики _cТаллин _3RU\NLR\AUTH\889937888 _9370587 |
| 801 | 0 |
_aRU _bNLR _gpsbo |
|
| 801 | 1 |
_aRU _bELAR _2rusmarc |
|
| 852 |
_aNLR _j83-3/6138 |
||
| 942 | _cBOOK | ||
| 980 | _aNB | ||